Anl̀isis y comentarios a la reforma laboral

Bibliographic Details
Main Author: Cervantes Nieto, Hčtor
Format: eBook
Language:Spanish
Published: Ciudad de Mx̌ico: Ediciones Fiscales ISEF, 2019
Subjects:
Online Access:Acceso restringido

MARC

LEADER 00000nam a22000007a 4500
005 2019080707137.0
007 cr|||| ||||
008 190807s2019 mx |||||s|||| 00||0 spa d
020 |a 978-368-726-992-2 
035 |a 23874 
040 |a vLex 
090 |c 9124  |d 9124 
100 1 |a Cervantes Nieto, Hčtor 
245 1 0 |a Anl̀isis y comentarios a la reforma laboral  |h [Recurso electrn̤ico] /  |c Hčtor Cervantes Nieto 
256 |a Servicio en ln̕ea 
260 |a Ciudad de Mx̌ico:  |b Ediciones Fiscales ISEF,  |c 2019 
300 |a 1 recurso electrn̤ico 
506 1 |a Disponible solo en los productos indicados  |d vLex Global  |d vLex Global (Academic Edition, excluding Law Schools)  |d vLex Global (U.S. Academic Edition, Law Schools)  |d vLex Global (U.S. Academic Edition, excluding Law Schools)  |d vLex Global (Academic Edition, Law Schools) 
650 0 4 |a Derecho Laboral y Seguridad Social  |z Mx̌ico 
740 0 |a vLex Libros (Servicio en ln̕ea) 
856 4 0 |u http://vlex.com/source/analisis-comentarios-reforma-laboral-23874  |z Acceso restringido 
942 |c BOOK 
999 0 |a Labor law and social security